| 000 | 00621nam a22001937a 4500 | ||
|---|---|---|---|
| 003 | OSt | ||
| 020 | _a9788171641550 | ||
| 082 |
_a630 _bIND/AG |
||
| 245 |
_aAgricultural technologies commercialized technologies/ready for commercialization technologies: _bnatural resource management |
||
| 260 |
_aNew Delhi _bIndian Council of Agricultural Research _c2014 |
||
| 300 | _a110p. | ||
| 546 | _aEnglish | ||
| 650 | _aSoil and Nutrient management | ||
| 650 | _aCrop management farming system | ||
| 650 | _aSoil and water conservation | ||
| 650 | _aWeed management | ||
| 650 | _aWater management | ||
| 942 |
_2ddc _cBK |
||
| 999 |
_c160082 _d160082 |
||